Religion Quiz

Random Religion or Bible Quiz

Old or New Testament Quiz Stats

Quiz Updated Apr 4, 2016

Challenge
Share
Tweet
Embed
Score 0/20 Timer 01:00
1 Play Today
Bible Book Old or New % Correct
Mark???
90.6%
Deuteronomy???
89%
Jonah???
87.1%
Nehemiah???
86.9%
Malachi???
86.4%
Micah???
85.3%
Jeremiah???
84.9%
James???
84.4%
2 Timothy???
84.4%
Romans???
84.4%
Bible Book Old or New % Correct
Joshua???
83.5%
1 Thessalonians???
81.6%
Colossians???
81.1%
Galatians???
80.1%
Joel???
79.9%
2 Samuel???
75.9%
Ecclesiastes???
71.2%
Titus???
69.8%
Philemon???
65.4%
Jude???
65.1%

You're not logged in!

Compare scores with friends on all Sporcle quizzes.
Sign Up with Email
OR
Log In

You Might Also Like...

Show Comments

Extras

Top Quizzes Today


Score Distribution

Your Account Isn't Verified!

In order to create a playlist on Sporcle, you need to verify the email address you used during registration. Go to your Sporcle Settings to finish the process.